| 000 | 00484nam a2200169 i 4500 | ||
|---|---|---|---|
| 001 | 64015 | ||
| 003 | ES-MaACL | ||
| 005 | 20230906165025.0 | ||
| 007 | t| | ||
| 008 | 031219s1972 sp ||||1| spa d | ||
| 100 | 1 |
_aFischer, Ernst. _950987 |
|
| 245 | 1 | 3 |
_aEl artista y su época / _cErnst Fischer ; [traducción María Nolla]. |
| 260 |
_a[Madrid] : _bFundamentos, _c[1972] |
||
| 300 |
_a170 p. ; _c20 cm. |
||
| 700 | 1 |
_aNolla, María. _985915 |
|
| 852 |
_aES-MaACL _jC-45818 _bR.81880 |
||
| 999 |
_c64015 _d64015 |
||